[Event "4NCL/Div2/SWD1 vs. CAMB1"]
[Site "Birmingham ENG"]
[Date "2006.03.05"]
[Round "8.8"]
[White "Jones, Richard M"]
[Black "Wilson, Julie"]
[Result "1-0"]
[WhiteElo "2072"]
[BlackElo "1945"]
[PlyCount "25"]
[EventDate "2006.03.05"]
[EventType "team"]
[EventRounds "11"]
[EventCountry "ENG"]
[SourceDate "2005.10.25"]

1. e4 e6 2. d4 d5 3. Nd2 c5 4. dxc5 Bxc5 5. Bd3 Nc6 6. Ngf3 Nf6 7. O-O O-O 8.
Qe2 Qc7 9. e5 Ng4 10. Bxh7+ Kh8 11. Bd3 Ncxe5 12. Nxe5 Nxe5 13. Qh5+ 1-0

[Event "4NCL/Div2/NWE2 vs. WGR3"]
[Site "Birmingham ENG"]
[Date "2006.03.05"]
[Round "8.1"]
[White "Hulmes, David I"]
[Black "Martin, Andrew D"]
[Result "1/2-1/2"]
[WhiteElo "2206"]
[BlackElo "2433"]
[PlyCount "49"]
[EventDate "2006.03.05"]
[EventType "team"]
[EventRounds "11"]
[EventCountry "ENG"]
[SourceDate "2005.10.25"]

1. e4 d5 2. exd5 Qxd5 3. Nc3 Qd8 4. d4 Nf6 5. Nf3 c6 6. Be2 Bf5 7. O-O e6 8.
Bf4 Nbd7 9. Ne5 Bb4 10. Nb1 Nxe5 11. Bxe5 Bd6 12. Bxd6 Qxd6 13. c3 O-O 14. Nd2
Rfd8 15. Nc4 Qc7 16. Qb3 Nd5 17. Ne3 Bg6 18. Rfe1 Nxe3 19. fxe3 c5 20. Bf3 Rab8
21. Qc4 Rdc8 22. Qxc5 Qxc5 23. dxc5 Rxc5 24. Rad1 Rc7 25. Rd2 1/2-1/2

[Event "4NCL/Div2/NWE2 vs. WGR3"]
[Site "Birmingham ENG"]
[Date "2006.03.05"]
[Round "8.2"]
[White "Tiller, Bjorn"]
[Black "Spence, David"]
[Result "1-0"]
[WhiteElo "2346"]
[BlackElo "2221"]
[PlyCount "41"]
[EventDate "2006.03.05"]
[EventType "team"]
[EventRounds "11"]
[EventCountry "ENG"]
[SourceDate "2005.10.25"]

1. e4 e6 2. d3 d5 3. Nd2 Nf6 4. f4 Be7 5. Ngf3 c5 6. g3 Nc6 7. e5 Nd7 8. Bg2 g5
9. fxg5 Ndxe5 10. Nxe5 Nxe5 11. Qe2 Qc7 12. Nf3 Nxf3+ 13. Bxf3 Bd7 14. O-O Bc6
15. Bh5 O-O 16. Bf4 Qd8 17. h4 Bd7 18. Be5 f6 19. gxf6 Bxf6 20. Qg4+ Kh8 21.
Rxf6 1-0

[Event "4NCL/Div2/NWE2 vs. WGR3"]
[Site "Birmingham ENG"]
[Date "2006.03.05"]
[Round "8.3"]
[White "Hughes, Howard R"]
[Black "Tan, Desmond"]
[Result "1/2-1/2"]
[WhiteElo "2214"]
[BlackElo "2323"]
[PlyCount "28"]
[EventDate "2006.03.05"]
[EventType "team"]
[EventRounds "11"]
[EventCountry "ENG"]
[SourceDate "2005.10.25"]

1. e4 c5 2. d4 cxd4 3. c3 d3 4. c4 Nc6 5. Nf3 g6 6. Bxd3 Bg7 7. O-O d6 8. h3
Nf6 9. Nc3 O-O 10. Be3 Nd7 11. Qe2 Nde5 12. Rac1 Nxf3+ 13. Qxf3 Be6 14. Qe2 Rc8
1/2-1/2

[Event "4NCL/Div2/NWE2 vs. WGR3"]
[Site "Birmingham ENG"]
[Date "2006.03.05"]
[Round "8.4"]
[White "Grant, Jonathan"]
[Black "Mulligan, Stephen"]
[Result "0-1"]
[WhiteElo "2254"]
[BlackElo "2169"]
[PlyCount "166"]
[EventDate "2006.03.05"]
[EventType "team"]
[EventRounds "11"]
[EventCountry "ENG"]
[SourceDate "2005.10.25"]

1. c4 c5 2. Nc3 Nc6 3. g3 g6 4. Bg2 Bg7 5. e4 Nf6 6. Nge2 O-O 7. d3 d6 8. O-O
Ne8 9. Be3 a6 10. d4 cxd4 11. Nxd4 Bd7 12. Rc1 Nf6 13. h3 Rc8 14. Nde2 Be6 15.
Nd5 Nd7 16. Qd2 Re8 17. Nef4 Nce5 18. b3 a5 19. Nxe6 fxe6 20. Nf4 Nf8 21. Rfd1
b6 22. f3 Qc7 23. Qf2 Rb8 24. h4 Red8 25. Bh3 Kf7 26. Kg2 Qc6 27. Ne2 Qb7 28.
Nd4 Nc6 29. Nb5 Nb4 30. Kh2 Kg8 31. Rd2 Na6 32. Bg5 Nc5 33. Qe3 e5 34. Bh6 Nfe6
35. Re1 Rf8 36. Bxg7 Kxg7 37. Rf2 Rf6 38. f4 exf4 39. gxf4 Nxf4 40. Rxf4 Rxf4
41. Qxf4 Nd3 42. Qe3 Nxe1 43. Nd4 e5 44. Ne6+ Kg8 45. Qxe1 a4 46. bxa4 Ra8 47.
Qf2 Qe7 48. Ng5 Rxa4 49. Be6+ Kg7 50. Bd5 Ra7 51. Ne6+ Kh8 52. Kg1 Ra6 53. h5
gxh5 54. Qf5 Ra3 55. Kf1 Rg3 56. Nc7 Rg6 57. Qc8+ Kg7 58. Ne6+ Kh6 59. Ke2 h4
60. Qa8 Qf6 61. Qf8+ Qxf8 62. Nxf8 h3 63. Nxg6 h2 64. Nh4 h1=Q 65. Nf5+ Kg5 66.
Nxd6 Kf4 67. a4 Qf3+ 68. Kd2 h5 69. Nf5 Qa3 70. Bc6 Qb4+ 71. Kd3 Qb3+ 72. Kd2
Qxc4 73. Bd5 Qxa4 74. Nh4 Qd4+ 75. Ke2 Qb2+ 76. Kf1 Kg4 77. Nf5 h4 78. Be6 Kf4
79. Nxh4 Kxe4 80. Bg4 Qc1+ 81. Kf2 Qe3+ 82. Kg2 Kf4 83. Bf3 e4 0-1

[Event "4NCL/Div2/NWE2 vs. WGR3"]
[Site "Birmingham ENG"]
[Date "2006.03.05"]
[Round "8.5"]
[White "Coates, Kenneth G"]
[Black "Lee, Graham D"]
[Result "1/2-1/2"]
[WhiteElo "2197"]
[BlackElo "2283"]
[PlyCount "25"]
[EventDate "2006.03.05"]
[EventType "team"]
[EventRounds "11"]
[EventCountry "ENG"]
[SourceDate "2005.10.25"]

1. e4 c6 2. d4 d5 3. exd5 cxd5 4. Nf3 Bg4 5. c4 Nf6 6. Nc3 Nc6 7. cxd5 Nxd5 8.
Qb3 Bxf3 9. gxf3 Nb6 10. d5 Nd4 11. Qd1 e5 12. dxe6 Qf6 13. Bg2 1/2-1/2

[Event "4NCL/Div2/NWE2 vs. WGR3"]
[Site "Birmingham ENG"]
[Date "2006.03.05"]
[Round "8.6"]
[White "Gilbert, Jessie"]
[Black "Hanley, James"]
[Result "0-1"]
[WhiteElo "2098"]
[BlackElo "2108"]
[PlyCount "156"]
[EventDate "2006.03.05"]
[EventType "team"]
[EventRounds "11"]
[EventCountry "ENG"]
[SourceDate "2005.10.25"]

1. d4 Nf6 2. c4 g6 3. Nc3 Bg7 4. e4 d6 5. f3 O-O 6. Bg5 Nc6 7. Nge2 a6 8. Qd2
Rb8 9. a4 Nb4 10. Ng3 c5 11. d5 h6 12. Be3 h5 13. a5 Re8 14. Be2 Bd7 15. e5 Nh7
16. f4 Qc7 17. e6 fxe6 18. dxe6 Bxe6 19. f5 gxf5 20. Nxh5 Be5 21. O-O Qd7 22.
Na4 Kh8 23. Nb6 Qd8 24. Nf4 Bf7 25. Bh5 Bxh5 26. Ne6 Bg6 27. Nxd8 Rbxd8 28. Nd5
Nc6 29. Nf4 Bf7 30. Nd3 Bf6 31. Rxf5 Bxc4 32. Nf4 Rg8 33. Rh5 Bf7 34. Rh6 Ne5
35. Qc2 Rg7 36. Nh5 Bxh5 37. Rxh5 Ng4 38. Bf2 Nxf2 39. Kxf2 Bd4+ 40. Ke1 Rf8
41. Ra3 Rf2 42. Qxf2 Bxf2+ 43. Kxf2 Kg8 44. Rah3 e5 45. Rh6 Ng5 46. Rh8+ Kf7
47. Rb3 Ke6 48. Rb8 Ne4+ 49. Kg1 c4 50. R3xb7 Rg6 51. Rh7 Nf6 52. Ra7 e4 53.
Rxa6 e3 54. Rd8 Ne4 55. Kf1 Ke5 56. Rc6 Kd4 57. a6 Kd3 58. a7 Kd2 59. Rcxd6+
Nxd6 60. g3 e2+ 61. Kg2 e1=Q 62. a8=Q Qe2+ 63. Kg1 Qe3+ 64. Kg2 Ke2 65. Rf8
Qe4+ 66. Qxe4+ Nxe4 67. Rf4 Kd3 68. Rf3+ Kc2 69. Re3 Nd2 70. h4 Kxb2 71. h5 Rh6
72. g4 c3 73. Rh3 Ne4 74. Rxc3 Kxc3 75. Kh3 Kd4 76. Kh4 Ke5 77. g5 Rh8 78. Kg4
Nf6+ 0-1

[Event "4NCL/Div2/NWE2 vs. WGR3"]
[Site "Birmingham ENG"]
[Date "2006.03.05"]
[Round "8.7"]
[White "McCarthy, Jim"]
[Black "Hasman, Cengiz"]
[Result "1-0"]
[WhiteElo "2082"]
[BlackElo "2152"]
[PlyCount "91"]
[EventDate "2006.03.05"]
[EventType "team"]
[EventRounds "11"]
[EventCountry "ENG"]
[SourceDate "2005.10.25"]

1. e4 g6 2. d4 Bg7 3. Nc3 d6 4. Nf3 a6 5. a4 b6 6. Bd3 e6 7. O-O h6 8. Be3 Bb7
9. Qd2 Nd7 10. Rfe1 Ne7 11. Ne2 Kf8 12. c3 Kg8 13. h3 Kh7 14. Ng3 Rf8 15. Re2
Rc8 16. Rd1 Ng8 17. h4 Kh8 18. Bc2 e5 19. Bb3 exd4 20. cxd4 Ndf6 21. e5 Nd5 22.
h5 Qd7 23. hxg6 fxg6 24. Qd3 Nge7 25. e6 Qxe6 26. Bxh6 Qg4 27. Re4 Rf4 28.
Bxg7+ Kxg7 29. Rde1 Ng8 30. Nh2 Qg5 31. Nf3 Qg4 32. Re6 Rcf8 33. Nh2 Rxd4 34.
Rxg6+ Qxg6 35. Qxd4+ Ngf6 36. Nf3 c5 37. Qd2 Kh8 38. Bc2 Qg7 39. Nf5 Qh7 40.
Nxd6 Qg7 41. Nxb7 Qxb7 42. Qh6+ Kg8 43. Re5 Rf7 44. Be4 Rg7 45. Bxd5+ Nxd5 46.
Re8+ 1-0

[Event "4NCL/Div2/NWE2 vs. WGR3"]
[Site "Birmingham ENG"]
[Date "2006.03.05"]
[Round "8.8"]
[White "Kikoyo, Ali"]
[Black "Morrison, Lynne"]
[Result "1/2-1/2"]
[WhiteElo "2065"]
[BlackElo "2003"]
[PlyCount "66"]
[EventDate "2006.03.05"]
[EventType "team"]
[EventRounds "11"]
[EventCountry "ENG"]
[SourceDate "2005.10.25"]

1. d4 d5 2. c4 dxc4 3. Nc3 a6 4. a4 e6 5. Nf3 Nf6 6. e3 c5 7. Bxc4 b6 8. O-O
Nbd7 9. Qe2 Bb7 10. Rd1 Qc7 11. Bd2 Be7 12. Rac1 a5 13. e4 Rc8 14. d5 e5 15.
Bg5 Bd6 16. Nh4 g6 17. Qf3 Nh5 18. Nb5 Qb8 19. g3 h6 20. Be3 Ke7 21. Nf5+ gxf5
22. Qxh5 fxe4 23. Qf5 Rcg8 24. Qxe4 Qf8 25. f4 f5 26. Qf3 e4 27. Qe2 h5 28. Kh1
h4 29. gxh4 Rxh4 30. Nxd6 Kxd6 31. Rg1 Nf6 32. Rxg8 Qxg8 33. Rg1 Rg4 1/2-1/2

[Event "4NCL/Div2/WRO vs. WWKS1"]
[Site "Birmingham ENG"]
[Date "2006.03.05"]
[Round "8.1"]
[White "Hanley, Craig A"]
[Black "Thomas, Nicholas"]
[Result "1-0"]
[WhiteElo "2402"]
[BlackElo "2252"]
[PlyCount "65"]
[EventDate "2006.03.05"]
[EventType "team"]
[EventRounds "11"]
[EventCountry "ENG"]
[SourceDate "2005.10.25"]

1. e4 e6 2. d4 d5 3. Nd2 Nf6 4. e5 Nfd7 5. Bd3 c5 6. c3 Nc6 7. Ngf3 Be7 8. O-O
a5 9. Re1 cxd4 10. cxd4 g5 11. Nb1 g4 12. Nfd2 h5 13. Nc3 Nxd4 14. Nf1 Nc6 15.
Bb5 Na7 16. Be3 b6 17. Bd4 Kf8 18. Ne3 Nc5 19. a4 Bb7 20. Rf1 Nxb5 21. Nxb5 Ba6
22. f4 Bxb5 23. axb5 Ne4 24. f5 Ke8 25. Rc1 Bc5 26. Bxc5 bxc5 27. Qd3 Rg8 28.
Rf4 g3 29. Rxe4 dxe4 30. Qxe4 Rc8 31. Rd1 gxh2+ 32. Kh1 Qg5 33. f6 1-0

[Event "4NCL/Div2/WRO vs. WWKS1"]
[Site "Birmingham ENG"]
[Date "2006.03.05"]
[Round "8.2"]
[White "Mason, Don"]
[Black "Kobese, Watu"]
[Result "1/2-1/2"]
[WhiteElo "2277"]
[BlackElo "2397"]
[PlyCount "61"]
[EventDate "2006.03.05"]
[EventType "team"]
[EventRounds "11"]
[EventCountry "ENG"]
[SourceDate "2005.10.25"]

1. e4 e5 2. Nf3 Nc6 3. Bb5 a6 4. Ba4 Nf6 5. O-O Be7 6. Re1 b5 7. Bb3 d6 8. c3
O-O 9. h3 Na5 10. Bc2 c5 11. d4 Qc7 12. Nbd2 Bd7 13. Nf1 Nc4 14. b3 Nb6 15. Ne3
Rfe8 16. dxe5 dxe5 17. c4 Bf8 18. Bb2 Bc6 19. Nd5 Bxd5 20. exd5 Bd6 21. Nd2
Nfd7 22. a4 b4 23. a5 Nc8 24. f4 Na7 25. f5 Nc8 26. Ne4 Be7 27. Qh5 Nf6 28.
Nxf6+ Bxf6 29. Be4 Nd6 30. g4 Qd8 31. Bc1 1/2-1/2

[Event "4NCL/Div2/WRO vs. WWKS1"]
[Site "Birmingham ENG"]
[Date "2006.03.05"]
[Round "8.3"]
[White "Kaid, Almar"]
[Black "Wu, Li"]
[Result "1-0"]
[WhiteElo "2275"]
[BlackElo "2287"]
[PlyCount "67"]
[EventDate "2006.03.05"]
[EventType "team"]
[EventRounds "11"]
[EventCountry "ENG"]
[SourceDate "2005.10.25"]

1. Nf3 Nf6 2. g3 g6 3. b3 Bg7 4. Bb2 O-O 5. Bg2 d6 6. d4 c5 7. c4 Nc6 8. O-O
cxd4 9. Nxd4 Bd7 10. Nc2 Qc8 11. Re1 Bh3 12. Bh1 Rd8 13. e4 a6 14. Nc3 Nd7 15.
Rb1 Rb8 16. Nd5 Be6 17. Qd2 Bxb2 18. Rxb2 Re8 19. Nce3 Qd8 20. h4 Nf8 21. h5 f6
22. f4 Bf7 23. hxg6 hxg6 24. Ng4 b5 25. e5 dxe5 26. fxe5 f5 27. Qh6 Bxd5 28.
Bxd5+ e6 29. Rh2 Kf7 30. Qh8 Qb6+ 31. Kh1 Ke7 32. Nf6 exd5 33. Nxd5+ Kd8 34.
Qf6+ 1-0

[Event "4NCL/Div2/WRO vs. WWKS1"]
[Site "Birmingham ENG"]
[Date "2006.03.05"]
[Round "8.4"]
[White "James, Russell A"]
[Black "Adams, David M"]
[Result "1/2-1/2"]
[WhiteElo "2230"]
[BlackElo "2240"]
[PlyCount "62"]
[EventDate "2006.03.05"]
[EventType "team"]
[EventRounds "11"]
[EventCountry "ENG"]
[SourceDate "2005.10.25"]

1. d4 f5 2. Bg5 c5 3. d5 Qb6 4. Nc3 Qxb2 5. Bd2 Qb6 6. g4 fxg4 7. e4 d6 8. Rb1
Qd8 9. h3 Nf6 10. hxg4 Bxg4 11. f3 Bc8 12. Nh3 Na6 13. Bb5+ Bd7 14. Ng5 Qc8 15.
Qe2 Nc7 16. Bxd7+ Nxd7 17. f4 Nf6 18. e5 dxe5 19. fxe5 Nfxd5 20. Qf3 Nf6 21.
exf6 exf6 22. Qe4+ Be7 23. Rxb7 fxg5 24. Nd5 Nxd5 25. Qxd5 Rb8 26. Rxb8 Qxb8
27. Qc6+ Kf7 28. Qd5+ Kg6 29. Qe4+ Kf7 30. Qd5+ Kg6 31. Qe4+ Kf7 1/2-1/2

[Event "4NCL/Div2/WRO vs. WWKS1"]
[Site "Birmingham ENG"]
[Date "2006.03.05"]
[Round "8.5"]
[White "Gayson, Peter M"]
[Black "Hynes, Anthony"]
[Result "1/2-1/2"]
[WhiteElo "2233"]
[BlackElo "2283"]
[PlyCount "66"]
[EventDate "2006.03.05"]
[EventType "team"]
[EventRounds "11"]
[EventCountry "ENG"]
[SourceDate "2005.10.25"]

1. e4 e5 2. Nf3 Nc6 3. d4 exd4 4. Bc4 Nf6 5. O-O Nxe4 6. Re1 d5 7. Bxd5 Qxd5 8.
Nc3 Qa5 9. Nxe4 Be6 10. Bd2 Qf5 11. Bg5 h6 12. Bh4 Bc5 13. b4 Bb6 14. a4 a5 15.
b5 Nb4 16. Nxd4 Bxd4 17. Qxd4 O-O 18. Rac1 Rfe8 19. Re3 Qd5 20. Qb2 Bf5 21. c4
Qd7 22. Qe2 Bxe4 23. Rxe4 g5 24. Bg3 f5 25. Rxe8+ Rxe8 26. Qh5 f4 27. Qg6+ Kf8
28. Bxf4 gxf4 29. Qxh6+ Kg8 30. Qg6+ Kh8 31. Qh5+ Kg8 32. Qg6+ Kf8 33. Qh6+ Kg8
1/2-1/2

[Event "4NCL/Div2/WRO vs. WWKS1"]
[Site "Birmingham ENG"]
[Date "2006.03.05"]
[Round "8.6"]
[White "Fishburne, Stewart K"]
[Black "Barrett, Steve J"]
[Result "1/2-1/2"]
[WhiteElo "2170"]
[BlackElo "2189"]
[PlyCount "31"]
[EventDate "2006.03.05"]
[EventType "team"]
[EventRounds "11"]
[EventCountry "ENG"]
[SourceDate "2005.10.25"]

1. e4 c5 2. Nc3 e6 3. g3 Nc6 4. Bg2 g6 5. d3 Bg7 6. Be3 d6 7. Qd2 Nd4 8. Nd1 e5
9. c3 Nc6 10. Ne2 Nge7 11. d4 cxd4 12. cxd4 O-O 13. Rc1 d5 14. Ndc3 Be6 15.
dxe5 dxe4 16. Qxd8 1/2-1/2

[Event "4NCL/Div2/WRO vs. WWKS1"]
[Site "Birmingham ENG"]
[Date "2006.03.05"]
[Round "8.7"]
[White "Cumbers, Paul"]
[Black "Baruch, Andrew J D"]
[Result "1-0"]
[WhiteElo "2123"]
[BlackElo "2180"]
[PlyCount "81"]
[EventDate "2006.03.05"]
[EventType "team"]
[EventRounds "11"]
[EventCountry "ENG"]
[SourceDate "2005.10.25"]

1. e4 g6 2. d4 Bg7 3. Nc3 d6 4. Bg5 a6 5. Nf3 h6 6. Bh4 Nd7 7. Bc4 g5 8. Bxg5
Nb6 9. Bxf7+ Kxf7 10. Bh4 Bg4 11. h3 Bd7 12. O-O Qe8 13. e5 Bf5 14. Qd2 e6 15.
g4 Qc6 16. Qf4 Ne7 17. Bxe7 Kxe7 18. gxf5 dxe5 19. dxe5 Raf8 20. Qb4+ Ke8 21.
Nd4 Nd5 22. Nxc6 Nxb4 23. Nxb4 Bxe5 24. f4 Bd4+ 25. Kh2 Rxf5 26. Nd3 Rhf8 27.
Ne2 Be3 28. Rf3 Bb6 29. Ng3 Rd5 30. Re1 Kd7 31. Re5 Rd4 32. f5 Kc8 33. Rxe6 c6
34. f6 Bc7 35. f7 Kd8 36. Ne5 Rd2+ 37. Kh1 Rd1+ 38. Kg2 Rd2+ 39. Kf1 Bxe5 40.
Rxe5 Rxc2 41. Ne4 1-0

[Event "4NCL/Div2/WRO vs. WWKS1"]
[Site "Birmingham ENG"]
[Date "2006.03.05"]
[Round "8.8"]
[White "Chevannes, Sabrina"]
[Black "Khakimova, Masura"]
[Result "1-0"]
[WhiteElo "2100"]
[BlackElo "1860"]
[PlyCount "125"]
[EventDate "2006.03.05"]
[EventType "team"]
[EventRounds "11"]
[EventCountry "ENG"]
[SourceDate "2005.10.25"]

1. d4 d6 2. Nf3 Bg4 3. e3 Nf6 4. Be2 Nbd7 5. b3 e5 6. Bb2 Bxf3 7. Bxf3 e4 8.
Be2 g6 9. c4 Bg7 10. Nd2 O-O 11. O-O Re8 12. Qc2 c6 13. a4 Rc8 14. Rfd1 Qc7 15.
b4 h6 16. c5 d5 17. b5 Nb8 18. Bc3 b6 19. cxb6 axb6 20. Qb2 cxb5 21. Rdc1 bxa4
22. Ba5 Qb7 23. Qxb6 Qxb6 24. Bxb6 Nbd7 25. Ba5 Bf8 26. Rxc8 Rxc8 27. Rxa4 Rc1+
28. Nf1 Rc2 29. Bb5 Nb8 30. Bb4 Bxb4 31. Rxb4 Nbd7 32. h3 Kg7 33. Rb1 g5 34.
Ng3 g4 35. hxg4 Nf8 36. f3 Kg6 37. Ne2 Ne6 38. Kf2 Kg5 39. Kg3 h5 40. f4+ Kg6
41. f5+ Kg5 42. fxe6 h4+ 43. Kh3 fxe6 44. Nf4 Nxg4 45. Nxe6+ Kf5 46. Ng7+ Kg5
47. Rf1 Nxe3 48. Ne6+ Kh6 49. Rf6+ Kh7 50. Be8 Rxg2 51. Kxh4 Rh2+ 52. Kg3 Rg2+
53. Kh3 Rg1 54. Rf4 Rf1 55. Rxf1 Nxf1 56. Kg2 Ne3+ 57. Kf2 Nf5 58. Ke1 Kh6 59.
Bc6 Ne7 60. Bb7 Kh5 61. Kd2 Kg4 62. Nc7 Nf5 63. Bc8 1-0

[Event "4NCL/Div2/GUI3 vs. NWE2"]
[Site "Birmingham ENG"]
[Date "2006.04.30"]
[Round "10.1"]
[White "Buckley, Graeme"]
[Black "Littlewood, John E"]
[Result "1-0"]
[WhiteElo "2398"]
[BlackElo "2258"]
[PlyCount "41"]
[EventDate "2006.04.30"]
[EventType "team"]
[EventRounds "11"]
[EventCountry "ENG"]
[SourceDate "2006.04.29"]
[WhiteTeam "Guildford-ADC 3"]
[BlackTeam "N W Eagles 2"]

1. d4 Nf6 2. c4 g6 3. Nc3 d5 4. cxd5 Nxd5 5. e4 Nxc3 6. bxc3 Bg7 7. Be3 O-O 8.
Qd2 c5 9. Rb1 Nc6 10. Nf3 Bg4 11. d5 Qa5 12. Rb5 Qxc3 13. dxc6 Bxf3 14. gxf3
Qa1+ 15. Qc1 Bc3+ 16. Kd1 Rfd8+ 17. Kc2 Qxa2+ 18. Kxc3 bxc6 19. Bc4 Qa4 20. Rb3
Rab8 21. Qa3 1-0

[Event "4NCL/Div2/GUI3 vs. NWE2"]
[Site "Birmingham ENG"]
[Date "2006.04.30"]
[Round "10.2"]
[White "Spence, David"]
[Black "Muir, Andrew J"]
[Result "1/2-1/2"]
[WhiteElo "2215"]
[BlackElo "2342"]
[PlyCount "50"]
[EventDate "2006.04.30"]
[EventType "team"]
[EventRounds "11"]
[EventCountry "ENG"]
[SourceDate "2006.04.29"]
[WhiteTeam "N W Eagles 2"]
[BlackTeam "Guildford-ADC 3"]

1. e4 c5 2. c3 d5 3. exd5 Qxd5 4. d4 Nf6 5. Nf3 Nc6 6. dxc5 Qxd1+ 7. Kxd1 Bg4
8. Be3 Nd5 9. h3 Bxf3+ 10. gxf3 e6 11. Bb5 Nxe3+ 12. fxe3 Bxc5 13. Ke2 O-O-O
14. Bxc6 bxc6 15. Nd2 Rd5 16. Ne4 Be7 17. c4 Rd7 18. Rad1 Rhd8 19. Rxd7 Rxd7
20. Rg1 g6 21. Ng5 Bf6 22. b3 h6 23. Ne4 Be7 24. Nf2 Bb4 25. Nd3 Bc3 1/2-1/2

[Event "4NCL/Div2/GUI3 vs. NWE2"]
[Site "Birmingham ENG"]
[Date "2006.04.30"]
[Round "10.3"]
[White "Povah, Nigel E"]
[Black "Hulmes, David I"]
[Result "1-0"]
[WhiteElo "2353"]
[BlackElo "2206"]
[PlyCount "79"]
[EventDate "2006.04.30"]
[EventType "team"]
[EventRounds "11"]
[EventCountry "ENG"]
[SourceDate "2006.04.29"]
[WhiteTeam "Guildford-ADC 3"]
[BlackTeam "N W Eagles 2"]

1. d4 d5 2. Bg5 h6 3. Bh4 c6 4. e3 Qb6 5. Qc1 e5 6. Nf3 e4 7. Nfd2 Be6 8. c4
Nd7 9. Nc3 f5 10. cxd5 Bxd5 11. Nc4 Qc7 12. Be2 Ngf6 13. O-O Bxc4 14. Bxc4 Bd6
15. Bg3 g6 16. b4 Nb6 17. Bb3 Rh7 18. b5 Rc8 19. Qb2 Ng4 20. bxc6 bxc6 21. Rfc1
Bxg3 22. hxg3 Qd6 23. d5 Rhc7 24. dxc6 Rxc6 25. Nb5 Rxc1+ 26. Rxc1 Rxc1+ 27.
Qxc1 Qd7 28. Nd4 Ne5 29. Qa3 Nec4 30. Qb4 Qd5 31. Nb5 Qd2 32. Qc5 a6 33. Nc7+
Kd7 34. Nxa6 Qd6 35. Qb5+ Ke7 36. Bxc4 Nxc4 37. Qxc4 Qd1+ 38. Qf1 Qa4 39. Qe2
Qa3 40. Kh2 1-0

[Event "4NCL/Div2/GUI3 vs. NWE2"]
[Site "Birmingham ENG"]
[Date "2006.04.30"]
[Round "10.4"]
[White "Lyell, Mark"]
[Black "Jackson, Adrian"]
[Result "1-0"]
[WhiteElo "2235"]
[BlackElo "2226"]
[PlyCount "141"]
[EventDate "2006.04.30"]
[EventType "team"]
[EventRounds "11"]
[EventCountry "ENG"]
[SourceDate "2006.04.29"]
[WhiteTeam "N W Eagles 2"]
[BlackTeam "Guildford-ADC 3"]

1. e4 c5 2. c3 d6 3. d4 Nf6 4. Bd3 Nc6 5. Ne2 e5 6. d5 Nb8 7. O-O g6 8. a4 Bg7
9. Na3 O-O 10. Qc2 b6 11. Bg5 h6 12. Bd2 Kh7 13. a5 bxa5 14. Ng3 Ba6 15. Bxa6
Nxa6 16. Nc4 Nc7 17. Nxa5 Qd7 18. Nc4 Nb5 19. Ra6 Rab8 20. Qa4 Rfd8 21. Ra1 Ne8
22. Bc1 Nec7 23. Ra5 a6 24. Qc2 Rf8 25. Na3 Rb7 26. Nxb5 axb5 27. b4 c4 28. f3
Rfb8 29. Be3 h5 30. Qd2 Qe8 31. Nf1 Qd7 32. Qf2 Bh6 33. Qh4 Qd8 34. Qxd8 Rxd8
35. Ra7 Rdb8 36. Kf2 f5 37. Bxh6 Kxh6 38. Ne3 fxe4 39. fxe4 Ne8 40. Nf1 Nf6 41.
Nd2 Kg5 42. Rxb7 Rxb7 43. Ke2 h4 44. Ra6 Kf4 45. g3+ hxg3 46. hxg3+ Kxg3 47.
Rxd6 Rf7 48. Rb6 Kf4 49. Rxb5 Nxe4 50. Nxe4 Kxe4 51. Rc5 Rh7 52. Rxc4+ Kxd5 53.
Rg4 Rc7 54. Kd2 Rc6 55. Kc2 Rf6 56. c4+ Kc6 57. Kd3 Rd6+ 58. Ke3 Kb7 59. c5 Rd1
60. Rxg6 Rb1 61. Rb6+ Kc7 62. Kd3 Re1 63. Re6 Kd7 64. Rd6+ Kc7 65. Kd2 Rb1 66.
Kc3 Re1 67. b5 Rc1+ 68. Kb4 Rb1+ 69. Kc4 e4 70. Re6 Re1 71. Kd4 1-0

[Event "4NCL/Div2/GUI3 vs. NWE2"]
[Site "Birmingham ENG"]
[Date "2006.04.30"]
[Round "10.5"]
[White "Granat, Russell G"]
[Black "Whitehead, Mark A"]
[Result "1-0"]
[WhiteElo "2262"]
[BlackElo "2081"]
[PlyCount "74"]
[EventDate "2006.04.30"]
[EventType "team"]
[EventRounds "11"]
[EventCountry "ENG"]
[SourceDate "2006.04.29"]
[WhiteTeam "Guildford-ADC 3"]
[BlackTeam "N W Eagles 2"]

1. e4 c5 2. Nc3 Nc6 3. b3 d6 4. Bb2 Nf6 5. h3 a6 6. a4 Nd4 7. Nf3 e5 8. Bc4 Be6
9. d3 Be7 10. Nxd4 cxd4 11. Ne2 d5 12. exd5 Bb4+ 13. c3 dxc3 14. Bxc3 Bxc3+ 15.
Nxc3 Nxd5 16. Nxd5 Bxd5 17. O-O O-O 18. Re1 Qd6 19. Qh5 Bxc4 20. dxc4 f6 21.
Rad1 Qb4 22. Re3 b5 23. cxb5 axb5 24. Rd7 Rad8 25. Rb7 Rb8 26. Qf3 Rxb7 27.
Qxb7 Rd8 28. a5 Qxa5 29. Qe7 Rd1+ 30. Kh2 Qd8 31. Qe6+ Kh8 32. Rc3 Rd7 33. Qa6
Qf8 34. Qxb5 Rd8 35. Rc7 h6 36. Qc4 Kh7 37. b4 Rb8 1-0

[Event "4NCL/Div2/GUI3 vs. NWE2"]
[Site "Birmingham ENG"]
[Date "2006.04.30"]
[Round "10.6"]
[White "Savory, Richard J"]
[Black "Zickelbein, Eva-Maria"]
[Result "0-1"]
[WhiteElo "2106"]
[BlackElo "2143"]
[PlyCount "54"]
[EventDate "2006.04.30"]
[EventType "team"]
[EventRounds "11"]
[EventCountry "ENG"]
[SourceDate "2006.04.29"]
[WhiteTeam "N W Eagles 2"]
[BlackTeam "Guildford-ADC 3"]

1. e4 d6 2. d4 Nf6 3. Nc3 e5 4. Nf3 Nbd7 5. Be3 Be7 6. Bc4 O-O 7. O-O c6 8.
dxe5 dxe5 9. a3 Qc7 10. Nd2 Nc5 11. h3 b5 12. Ba2 Be6 13. Qf3 Bxa2 14. Nxa2
Rfd8 15. Nc1 Rd7 16. Ncb3 Ne6 17. Rac1 a5 18. c3 a4 19. Na1 Rad8 20. Qe2 Nc5
21. f3 Nd3 22. Rb1 Nh5 23. Kh2 Bh4 24. Qd1 Bg3+ 25. Kg1 Bf4 26. Bxf4 Ndxf4 27.
Rf2 Qb6 0-1

[Event "4NCL/Div2/GUI3 vs. NWE2"]
[Site "Birmingham ENG"]
[Date "2006.04.30"]
[Round "10.7"]
[White "Anderton, Matthew N"]
[Black "Morrison, Lynne"]
[Result "1-0"]
[WhiteElo "2219"]
[BlackElo "2003"]
[PlyCount "49"]
[EventDate "2006.04.30"]
[EventType "team"]
[EventRounds "11"]
[EventCountry "ENG"]
[SourceDate "2006.04.29"]
[WhiteTeam "Guildford-ADC 3"]
[BlackTeam "N W Eagles 2"]

1. e4 c5 2. c3 d5 3. exd5 Qxd5 4. Nf3 Nf6 5. d4 e6 6. Bd3 Nc6 7. O-O Be7 8. a3
O-O 9. c4 Qd7 10. dxc5 Bxc5 11. b4 Be7 12. Ra2 b6 13. Rd2 Qc7 14. Bb2 Bb7 15.
Qe2 Rfd8 16. Re1 Qf4 17. b5 Na5 18. Ne5 Bd6 19. g3 Qh6 20. Rdd1 Rac8 21. Ng4
Nxg4 22. Qxg4 g6 23. Qd4 e5 24. Rxe5 Bc5 25. Re8+ 1-0

[Event "4NCL/Div2/GUI3 vs. NWE2"]
[Site "Birmingham ENG"]
[Date "2006.04.30"]
[Round "10.8"]
[White "Milligan, Helen"]
[Black "Yurenok, Maria S"]
[Result "1/2-1/2"]
[WhiteElo "2053"]
[BlackElo "2072"]
[PlyCount "114"]
[EventDate "2006.04.30"]
[EventType "team"]
[EventRounds "11"]
[EventCountry "ENG"]
[SourceDate "2006.04.29"]
[WhiteTeam "N W Eagles 2"]
[BlackTeam "Guildford-ADC 3"]

1. e4 c5 2. Nf3 e6 3. d4 cxd4 4. Nxd4 Nc6 5. Nc3 Qc7 6. Be3 a6 7. Bd3 Nf6 8.
O-O b5 9. Nxc6 Qxc6 10. a3 Bb7 11. Qe2 Be7 12. f4 O-O 13. e5 Nd5 14. Nxd5 Qxd5
15. c4 bxc4 16. Bxc4 Qa5 17. Rfd1 Rfd8 18. b4 Qc7 19. Rac1 Qb8 20. Qf2 d5 21.
exd6 Rxd6 22. Be2 Rxd1+ 23. Bxd1 Qd6 24. Bf3 Bd5 25. Bxd5 Qxd5 26. Qc2 h6 27.
Qc6 Qxc6 28. Rxc6 Kf8 29. Bc5 Bxc5+ 30. Rxc5 Ke7 31. Kf2 Kd6 32. Ke3 Rb8 33. h4
Rb7 34. Ke4 Rb6 35. Ra5 Rc6 36. Kd4 Rb6 37. Kc4 Rc6+ 38. Kb3 Rb6 39. a4 Kc7 40.
Kc4 Kd6 41. b5 axb5+ 42. axb5 Rb8 43. Ra6+ Kc7 44. Kc5 Rf8 45. Ra7+ Kb8 46. Rd7
g5 47. hxg5 hxg5 48. g3 gxf4 49. gxf4 f6 50. Kd6 e5 51. fxe5 fxe5 52. Kxe5 Rh8
53. Kd5 Rh6 54. Kc5 Rg6 55. Kb4 Rh6 56. Ka5 Rg6 57. b6 Rg1 1/2-1/2